|
|
|
|
| LEADER |
00000cam a2200000 7i4500 |
| 001 |
0000057541 |
| 005 |
20151230.0 |
| 008 |
151230 |
| 020 |
|
|
|a 9789831246450
|
| 090 |
0 |
0 |
|a 613.71
|b CAB
|
| 245 |
0 |
0 |
|a Cabaran sihat
|c selenggaraan Fadzilah Jabar
|
| 260 |
|
|
|a Selangor :
|b Grup Buku Karangkraf Sdn. Bhd ,
|c 2011
|
| 300 |
|
|
|a 315 p. ;
|c 19.1 cm.
|
| 650 |
|
0 |
|a Health
|
| 650 |
|
0 |
|a Health care
|
| 999 |
|
|
|a 0001380387
|b Book
|c Adult Collection
|e Cawangan Urban Transformation Centre
|
| 999 |
|
|
|a 0001380388
|b Book
|c Adult Collection
|e Perbadanan Perpustakaan Awam Johor
|
| 999 |
|
|
|a 0001381229
|b Book
|c Adult Collection
|e Cawangan Segamat
|
| 999 |
|
|
|a 0001381230
|b Book
|c Adult Collection
|e Cawangan Batu Pahat
|
| 999 |
|
|
|a 0001381231
|b Book
|c Adult Collection
|e Cawangan Tangkak
|
| 999 |
|
|
|a 0001381232
|b Book
|c Adult Collection
|e Cawangan Bandar Tenggara
|
| 999 |
|
|
|a 0001381233
|b Book
|c Adult Collection
|e Cawangan Pontian
|
| 999 |
|
|
|a 0001381234
|b Book
|c Adult Collection
|e Cawangan Tmn. Ungku Tun Aminah
|
| 999 |
|
|
|a 0001381236
|b Book
|c Adult Collection
|e Cawangan Kota Tinggi
|
| 999 |
|
|
|a 0001381237
|b Book
|c Adult Collection
|e Cawangan Tangkak
|
| 999 |
|
|
|a 0001381238
|b Book
|c Adult Collection
|e Cawangan Mersing
|
| 999 |
|
|
|a 0001381239
|b Book
|c Adult Collection
|e Cawangan Sri Merlong
|
| 999 |
|
|
|a 0001381240
|b Book
|c Adult Collection
|e Cawangan Bukit Gambir
|
| 999 |
|
|
|a 0001381241
|b Book
|c Adult Collection
|e Cawangan Taman Sri Lambak
|